00682nam a2200205 a 4500008004100000020002400041100001800065245009700083260005200180300003600232440006700268504004100335500002000376650002000396700001800416700001500434003000100449005001700450040000900467  a0521453097 (cased))1 aDeville, M.O.10aHigh-order methods for incompressible fluid flow /cM.O. Deville, P. F. Fischer, E. H. Mund. aCambridge :bCambridge University Press,c2002. axxvii, 499 p. :bill. ;c24 cm. 0aCambridge monographs on applied and computational mathematics. aIncludes bibliographical references. aIncludes index. 0aFluid dynamics.1 aFischer, P.F.1 aMund, E.H.20230123133329.0 cNUST